[Event "Madrid-ch Previa-A"]
[Site "Madrid"]
[Date "2019.02.04"]
[Round "1"]
[White "De Dompablo Fantova, Juan"]
[Black "Perez Agusti, Luis"]
[Result "1/2-1/2"]
[WhiteElo "1678"]
[BlackElo "1934"]
[PlyCount "58"]
[EventDate "2019.02.04"]
[EventType "swiss"]
[EventRounds "9"]
[EventCountry "ESP"]
[SourceTitle "EXT 2021"]
[Source "ChessBase"]
[SourceDate "2020.10.23"]
[SourceVersion "1"]
[SourceVersionDate "2020.10.23"]
[SourceQuality "1"]

1. e4 d5 2. exd5 Nf6 3. d4 Nxd5 4. Nf3 g6 5. Be2 Bg7 6. 0-0 0-0 7. c4 Nb6 8. Be3 Nc6 9. Nc3 Bg4 10. c5 Nd5 11. Nxd5 Qxd5 12. h3 Bf5 13. Qd2 Rad8 14. Rfd1 e5 15. dxe5 Qe4 16. Qe1 Nxe5 17. Nxe5 Qxe5 18. Rxd8 Rxd8 19. Rd1 Qe7 20. Rd2 Be4 21. Qd1 Rxd2 22. Qxd2 Bc6 23. b4 a6 24. Bc4 Bf6 25. Bh6 Bg7 26. Bxg7 Kxg7 27. Qd4+ Kg8 28. Qf4 Kg7 29. Qd4+ Kg8 1/2-1/2

[Event "Madrid-ch sf-A"]
[Site "Madrid"]
[Date "2015.03.17"]
[Round "5"]
[White "Perez Agusti, Luis"]
[Black "Perez Cameselle, Francisco Jose"]
[Result "0-1"]
[WhiteElo "1928"]
[BlackElo "1862"]
[PlyCount "100"]
[EventDate "2015.03.09"]
[EventType "swiss"]
[EventRounds "9"]
[EventCountry "ESP"]
[SourceTitle "CBM 165 Extra"]
[Source "ChessBase"]
[SourceDate "2015.04.21"]
[SourceVersion "1"]
[SourceVersionDate "2015.04.21"]
[SourceQuality "1"]

1. d4 e6 2. Nf3 f5 3. g3 Nf6 4. Bg2 Be7 5. c4 0-0 6. Nc3 d5 7. cxd5 exd5 8. Ne5 c6 9. 0-0 Nbd7 10. f4 Nxe5 11. fxe5 Ne4 12. Qb3 Kh8 13. Be3 Qb6 14. Qxb6 axb6 15. Bxe4 fxe4 16. Rxf8+ Bxf8 17. Rf1 Kg8 18. a3 Bh3 19. Rc1 b5 20. Kf2 b4 21. axb4 Bxb4 22. Ke1 Kf7 23. Bd2 Be7 24. Kd1 Ke6 25. Kc2 Bf5 26. Kb3 Bg4 27. Rf1 Bh3 28. Rf2 Ra1 29. e3 Bf1 30. Ne2 Bxe2 31. Rxe2 Rf1 32. Bb4 Bg5 33. Bd2 h5 34. Kb4 b6 35. Kc3 c5 36. Rg2 Rf3 37. Re2 cxd4+ 38. Kxd4 Be7 39. b4 Bd8 40. Re1 Bc7 41. Kc3 Bxe5+ 42. Kc2 Rf2 43. g4 Rxh2 44. gxh5 Bd6 45. Kc1 Rxd2 46. Rg1 Rh2 47. Rg6+ Kd7 48. Rxg7+ Kc6 49. Rh7 Bxb4 50. h6 Bd2+ 0-1

[Event "Madrid-ch Seniors 20th"]
[Site "Madrid"]
[Date "2015.01.14"]
[Round "7"]
[White "Perez Agusti, Luis"]
[Black "Rodriguez Bachiller, Luis"]
[Result "1-0"]
[WhiteElo "1949"]
[BlackElo "1707"]
[PlyCount "45"]
[EventDate "2015.01.07"]
[EventType "swiss"]
[EventRounds "9"]
[EventCountry "ESP"]
[SourceTitle "CBM 164 Extra"]
[Source "ChessBase"]
[SourceDate "2015.03.02"]
[SourceVersion "1"]
[SourceVersionDate "2015.03.02"]
[SourceQuality "1"]

1. d4 Nf6 2. Nf3 d6 3. Bf4 c5 4. e3 cxd4 5. exd4 Nd5 6. Bg5 Bg4 7. Bb5+ Nd7 8. c4 Nc7 9. Ba4 Ne6 10. Be3 Qc7 11. Nbd2 g6 12. Bxd7+ Qxd7 13. d5 Ng7 14. Bd4 e5 15. dxe6 fxe6 16. Ne4 Bxf3 17. Qxf3 Kd8 18. 0-0 Kc7 19. c5 e5 20. cxd6+ Bxd6 21. Nxd6 exd4 22. Rac1+ Kb6 23. Qb3+ 1-0

[Event "Madrid-ch sf-A"]
[Site "Madrid"]
[Date "2014.03.18"]
[Round "5"]
[White "Lorenzo Bailador, Alfredo"]
[Black "Perez Agusti, Luis"]
[Result "1/2-1/2"]
[WhiteElo "1996"]
[BlackElo "1952"]
[PlyCount "70"]
[EventDate "2014.03.10"]
[EventType "swiss"]
[EventRounds "9"]
[EventCountry "ESP"]
[SourceTitle "EXT 2015"]
[Source "ChessBase"]
[SourceDate "2014.11.20"]
[SourceVersion "1"]
[SourceVersionDate "2014.11.20"]
[SourceQuality "1"]

1. e4 d5 2. exd5 Nf6 3. c4 c6 4. d4 cxd5 5. Nc3 e6 6. Nf3 Bb4 7. Bg5 Bxc3+ 8. bxc3 Qa5 9. Qb3 dxc4 10. Qxc4 Nbd7 11. Bd3 0-0 12. 0-0 Nd5 13. Bd2 Qc7 14. Rfe1 Qxc4 15. Bxc4 N7b6 16. Bd3 Bd7 17. Ne5 Rfd8 18. Rab1 Bc6 19. Nxc6 bxc6 20. Ba6 Rab8 21. Rb3 Nd7 22. Reb1 Rb6 23. Bb7 Ne7 24. Be3 Rb8 25. Ba6 Nd5 26. Bd2 c5 27. dxc5 Nxc5 28. Rxb6 Rxb6 29. Rxb6 axb6 30. Bc4 Nf6 31. f3 Nfd7 32. Bb5 Nf6 33. Bc4 Kf8 34. Kf2 Ke8 35. Ke3 Kd7 1/2-1/2

[Event "Madrid-ch Seniors"]
[Site "Madrid"]
[Date "2014.01.10"]
[Round "4"]
[White "Perez Agusti, Luis"]
[Black "Ciuro Munoz, Ricardo"]
[Result "1-0"]
[WhiteElo "1928"]
[BlackElo "2030"]
[PlyCount "69"]
[EventDate "2014.01.07"]
[EventType "swiss"]
[EventRounds "9"]
[EventCountry "ESP"]
[SourceTitle "CBM 158 Extra"]
[Source "ChessBase"]
[SourceDate "2014.02.28"]
[SourceVersion "1"]
[SourceVersionDate "2014.02.28"]
[SourceQuality "1"]

1. d4 Nf6 2. Bg5 d5 3. Bxf6 exf6 4. e3 Bd6 5. Bd3 c6 6. Ne2 0-0 7. c3 c5 8. dxc5 Bxc5 9. Nd2 Nc6 10. Qc2 h6 11. Nf4 Re8 12. 0-0-0 Bg4 13. Rde1 Rc8 14. Kb1 Bb6 15. Qb3 Be6 16. Qd1 Ne5 17. Bc2 Bc7 18. Nb3 Qd6 19. Nd4 Rcd8 20. Nb5 Qc5 21. Nxc7 Qxc7 22. Qd4 Qc4 23. Rd1 Nc6 24. Qd3 Qxd3 25. Rxd3 Kf8 26. Rhd1 Ne7 27. R3d2 g5 28. Nh5 Bg4 29. Nxf6 Bxd1 30. Rxd1 Nc6 31. Nxe8 Kxe8 32. Bb3 Ne7 33. e4 b5 34. Bxd5 Nxd5 35. Rxd5 1-0